Finish the Springsteen Song Title: Click Quiz - Statistics

General Stats
  • This quiz has been taken 47 times
  • The average score is 16 of 19
Answer Stats
Hint Answer % Correct
Streets of Philadelphia
100%
Born in the USA
100%
Dancing in the Dark
97%
Hungry Heart
97%
Born to Run
97%
Incident on 57th Steet
95%
Cover Me
95%
Pink Cadillac
92%
Human Touch
92%
Prove it All Night
87%
The E Street Shuffle
85%
The Ghost of Tom Joad
82%
Tougher than the Rest
79%
Tenth Avenue Freeze-Out
77%
Mary Queen of Arkansas
69%
57 Channels and Nothin' On
69%
My City of Ruins
62%
Highway Patrolman
59%
Johnny 99
56%
No matching quizzes found
Score Distribution
Percent of People with Each Score
Percentile by Number Answered
Your Score History
You have not taken this quiz